000 00284nam a22001337a 4500
008 181017b xxu||||| |||| 00| 0 eng d
020 _a9781596912830
041 _aeng
080 _a616.8
100 _a7
101 _atru
245 _aWelcome Brain
_cSandra.A
942 _2udc
_cBK
999 _c50000
_d50000